Richard Ellis monthly index. - January - December 1998 (Record no. 96911)
[ view plain ]
| 000 -LEADER | |
|---|---|
| fixed length control field | 00759cam a2200289 4500 |
| 001 - CONTROL NUMBER | |
| control field | J89203 |
| 008 - FIXED-LENGTH DATA ELEMENTS--GENERAL INFORMATION | |
| fixed length control field | 090401t1998 xxu||||| |||| 00| 0 eng d |
| 035 ## - SYSTEM CONTROL NUMBER | |
| System control number | (Sirsi) u83608 |
| 041 ## - LANGUAGE CODE | |
| Language code of text/sound track or separate title | eng |
| 050 ## - LIBRARY OF CONGRESS CALL NUMBER | |
| Classification number | 333.33016 |
| 110 ## - MAIN ENTRY--CORPORATE NAME | |
| Corporate name or jurisdiction name as entry element | Richard Ellis |
| 9 (RLIN) | 1875 |
| 245 ## - TITLE STATEMENT | |
| Title | Richard Ellis monthly index. - January - December 1998 |
| 260 ## - PUBLICATION, DISTRIBUTION, ETC. | |
| Place of publication, distribution, etc. | London |
| Name of publisher, distributor, etc. | Richard Ellis |
| Date of publication, distribution, etc. | 1998 |
| 300 ## - PHYSICAL DESCRIPTION | |
| Extent | 12 pt. ; 30cm. |
| 350 ## - PRICE (NR) (BK AM CF MU VM SE) [OBSOLETE] | |
| Price | 0 |
| 650 ## - SUBJECT ADDED ENTRY--TOPICAL TERM | |
| Topical term or geographic name entry element | CAPITAL VALUES |
| 650 ## - SUBJECT ADDED ENTRY--TOPICAL TERM | |
| Topical term or geographic name entry element | INDUSTRIAL PROPERTY |
| 650 ## - SUBJECT ADDED ENTRY--TOPICAL TERM | |
| Topical term or geographic name entry element | OFFICES |
| 650 ## - SUBJECT ADDED ENTRY--TOPICAL TERM | |
| Topical term or geographic name entry element | PROPERTY INDEXES |
| 650 ## - SUBJECT ADDED ENTRY--TOPICAL TERM | |
| Topical term or geographic name entry element | RENT |
| 650 ## - SUBJECT ADDED ENTRY--TOPICAL TERM | |
| Topical term or geographic name entry element | RETAIL PROPERTY |
| 650 ## - SUBJECT ADDED ENTRY--TOPICAL TERM | |
| Topical term or geographic name entry element | SHOPS |
| 650 ## - SUBJECT ADDED ENTRY--TOPICAL TERM | |
| Topical term or geographic name entry element | YIELDS |
| 690 ## - LOCAL SUBJECT ADDED ENTRY--TOPICAL TERM (OCLC, RLIN) | |
| Topical term or geographic name as entry element | PROPERTY-COMMERCIAL PROPERTY-COMMERCIAL PROPERTY FINANCE AND INVESTMENT |
| 942 ## - ADDED ENTRY ELEMENTS (KOHA) | |
| Suppress in OPAC | 0 |
| 948 ## - LOCAL PROCESSING INFORMATION (OCLC); SERIES PART DESIGNATOR (RLIN) | |
| c (OCLC) | 09/02/1998 |
| Withdrawn status | Lost status | Source of classification or shelving scheme | Damaged status | Not for loan | Home library | Current library | Shelving location | Date acquired | Total Checkouts | Full call number | Barcode | Date last seen | Copy number | Price effective from | Koha item type | Cost, normal purchase price | Cost, replacement price |
|---|---|---|---|---|---|---|---|---|---|---|---|---|---|---|---|---|---|
| Dewey Decimal Classification | London | London | Property market reports | 14/09/1999 | PROPERTY MARKET REPORTS | 30055002 | 06/08/2019 | 1 | 06/08/2019 | Reference material | |||||||
| Dewey Decimal Classification | London | London | Property market reports | 14/09/1999 | PROPERTY MARKET REPORTS | 30055166 | 06/08/2019 | 2 | 06/08/2019 | Reference material | 5.00 | 5.00 | |||||
| Dewey Decimal Classification | London | London | Property market reports | 14/09/1999 | PROPERTY MARKET REPORTS | 30055480 | 06/08/2019 | 3 | 06/08/2019 | Reference material | |||||||
| Dewey Decimal Classification | London | London | Property market reports | 14/09/1999 | PROPERTY MARKET REPORTS | 30055649 | 06/08/2019 | 4 | 06/08/2019 | Reference material | |||||||
| Dewey Decimal Classification | London | London | Property market reports | 14/09/1999 | PROPERTY MARKET REPORTS | 30055650 | 06/08/2019 | 5 | 06/08/2019 | Reference material | |||||||
| Dewey Decimal Classification | London | London | Property market reports | 14/09/1999 | PROPERTY MARKET REPORTS | 30055827 | 06/08/2019 | 6 | 06/08/2019 | Reference material | |||||||
| Dewey Decimal Classification | London | London | Property market reports | 14/09/1999 | PROPERTY MARKET REPORTS | 30056068 | 06/08/2019 | 7 | 06/08/2019 | Reference material | |||||||
| Dewey Decimal Classification | London | London | Property market reports | 14/09/1999 | PROPERTY MARKET REPORTS | 30056513 | 06/08/2019 | 8 | 06/08/2019 | Reference material | |||||||
| Dewey Decimal Classification | London | London | Property market reports | 14/09/1999 | PROPERTY MARKET REPORTS | 30056596 | 06/08/2019 | 9 | 06/08/2019 | Reference material | |||||||
| Dewey Decimal Classification | London | London | Property market reports | 14/09/1999 | PROPERTY MARKET REPORTS | 30056966 | 06/08/2019 | 10 | 06/08/2019 | Reference material | |||||||
| Dewey Decimal Classification | London | London | Property market reports | 14/09/1999 | PROPERTY MARKET REPORTS | 30057074 | 06/08/2019 | 11 | 06/08/2019 | Reference material | |||||||
| Dewey Decimal Classification | London | London | Property market reports | 14/09/1999 | PROPERTY MARKET REPORTS | 30057194 | 06/08/2019 | 12 | 06/08/2019 | Reference material |